| 000 | 00372cam a2200157ua 4500 | ||
|---|---|---|---|
| 041 |
_aeng _h |
||
| 082 |
_a823.301 _bSCR/AR |
||
| 100 | _aScriven, R C . | ||
| 245 |
_aArctic noneen / _cR C Scriven. _hTextual Documents |
||
| 250 |
_a1 / _b. |
||
| 260 |
_aLeeds : _bE J Arnold Son Ltd , _c1957. |
||
| 300 | _a96 ; . | ||
| 504 | _a | ||
| 942 | _cBK | ||
| 999 |
_c2929 _d2929 |
||